000 00396pab a2200169 454500
008 180718b2006 xxu||||| |||| 00| 0 eng d
100 _aCaliskan, Selmin
245 _aWomen fighting violence in war-torn societies
260 _c2006
300 _ap.127-31.
362 _aMar
650 _aViolence
650 _aWomen
700 _aGriese, Karen
773 _aDevelopment
909 _a71564
999 _c71564
_d71564